รายละเอียดในรูปแบบ MARC
| 000 -LEADER |
| fixed length control field |
02119nam a22003617a 4500 |
| 003 - CONTROL NUMBER IDENTIFIER |
| control field |
NALT |
| 005 - DATE AND TIME OF LATEST TRANSACTION |
| control field |
20240723101251.0 |
| 008 - FIXED-LENGTH DATA ELEMENTS--GENERAL INFORMATION |
| fixed length control field |
m249225 th ththa d |
| 040 ## - CATALOGING SOURCE |
| Original cataloging agency |
NALT |
| 041 ## - LANGUAGE CODE |
| Language code of text/sound track or separate title |
tha |
| 090 ## - LOCALLY ASSIGNED LC-TYPE CALL NUMBER (OCLC); LOCAL CALL NUMBER (RLIN) |
| Classification number (OCLC) (R) ; Classification number, CALL (RLIN) (NR) |
KA 204 |
| Local cutter number (OCLC) ; Book number/undivided call number, CALL (RLIN) |
ส895ร |
| 100 0# - MAIN ENTRY--PERSONAL NAME |
| Personal name |
เสถียร วิชัยลักษณ์ |
| 9 (RLIN) |
45581 |
| 245 10 - TITLE STATEMENT |
| Title |
รวมกฎหมายไทย เล่ม 21 [ร] / |
| Statement of responsibility, etc. |
เสถียร วิชัยลักษณ์. |
| 260 ## - PUBLICATION, DISTRIBUTION, ETC. |
| Place of publication, distribution, etc. |
กรุงเทพฯ : |
| Name of publisher, distributor, etc. |
นีติเวชช์, |
| Date of publication, distribution, etc. |
2492-2517. |
| 300 ## - PHYSICAL DESCRIPTION |
| Extent |
1 เล่ม ; |
| Other physical details |
|
| Dimensions |
25 ซม. |
| 610 24 - SUBJECT ADDED ENTRY--CORPORATE NAME |
| Corporate name or jurisdiction name as entry element |
เทศบาลเมืองสุราษฎร์ธานี (เทศบัญญัติ) |
| 9 (RLIN) |
64403 |
| 610 24 - SUBJECT ADDED ENTRY--CORPORATE NAME |
| Corporate name or jurisdiction name as entry element |
เทศบาลตำบลศรีราชา (เทศบัญญัติ) |
| 9 (RLIN) |
64405 |
| 610 24 - SUBJECT ADDED ENTRY--CORPORATE NAME |
| Corporate name or jurisdiction name as entry element |
เทศบาลนครกรุงเทพ (เทศบัญญัติ) |
| 9 (RLIN) |
64406 |
| 610 24 - SUBJECT ADDED ENTRY--CORPORATE NAME |
| Corporate name or jurisdiction name as entry element |
เทศบาลเมืองชุมพร (เทศบัญญัติ) |
| 9 (RLIN) |
64407 |
| 610 24 - SUBJECT ADDED ENTRY--CORPORATE NAME |
| Corporate name or jurisdiction name as entry element |
เทศบาลเมืองเพชรบุรี (เทศบัญญัติ) |
| 9 (RLIN) |
64408 |
| 610 24 - SUBJECT ADDED ENTRY--CORPORATE NAME |
| Corporate name or jurisdiction name as entry element |
เทศบาลเมืองปราจีนบุรี (เทศบัญญัติ) |
| 9 (RLIN) |
64409 |
| 610 24 - SUBJECT ADDED ENTRY--CORPORATE NAME |
| Corporate name or jurisdiction name as entry element |
เทศบาลเมืองราชบุรี (เทศบัญญัติ) |
| 9 (RLIN) |
64410 |
| 610 24 - SUBJECT ADDED ENTRY--CORPORATE NAME |
| Corporate name or jurisdiction name as entry element |
เทศบาลเมืองลำปาง (เทศบัญญัติ) |
| 9 (RLIN) |
64411 |
| 610 24 - SUBJECT ADDED ENTRY--CORPORATE NAME |
| Corporate name or jurisdiction name as entry element |
เทศบาลเมืองศรีสะเกษ (เทศบัญญัติ) |
| 9 (RLIN) |
64412 |
| 610 24 - SUBJECT ADDED ENTRY--CORPORATE NAME |
| Corporate name or jurisdiction name as entry element |
เทศบาลเมืองสิงห์บุรี (เทศบัญญัติ) |
| 9 (RLIN) |
64413 |
| 650 #4 - SUBJECT ADDED ENTRY--TOPICAL TERM |
| Topical term or geographic name entry element |
กฎหมาย |
| Geographic subdivision |
ไทย |
| 9 (RLIN) |
4701 |
| 650 #4 - SUBJECT ADDED ENTRY--TOPICAL TERM |
| Topical term or geographic name entry element |
การก่อสร้าง |
| General subdivision |
เทศบัญญัติ |
| 9 (RLIN) |
64404 |
| 650 #4 - SUBJECT ADDED ENTRY--TOPICAL TERM |
| Topical term or geographic name entry element |
อาคาร |
| General subdivision |
การออกแบบและการสร้าง |
| 9 (RLIN) |
42435 |
| 653 #4 - INDEX TERM--UNCONTROLLED |
| Uncontrolled term |
อาชีพสถาปัตยกรรม |
| 653 #4 - INDEX TERM--UNCONTROLLED |
| Uncontrolled term |
อาชีพวิศวกรรม |
| 850 ## - HOLDING INSTITUTION |
| Holding institution |
NALT |
| 942 ## - ADDED ENTRY ELEMENTS (KOHA) |
| Koha item type |
Reference Book |
| Source of classification or shelving scheme |
Local Classification |
| 998 ## - STAFF NAME (NALT) |
| -- |
104 |
| -- |
นางสาวสายฝน ดีงาม |